000 00548nam a2200193 i 4500
001 24539
003 ES-MaACL
005 20230906153053.0
007 t|
008 160816s1962 sp ||||1| baq d
245 0 0 _aZortzikote.
260 _a[Bilbao :
_bs.n.],
_c1962 (
_fGráf. Bilbao)
300 _a142 p. ;
_c18 cm.
490 1 _aColección Olerti sorta, 1962 ;
_v1-2
650 0 4 _aPoesías populares-
_zPaís Vasco.
_916244
830 0 _aColección Olerti sorta, 1962 ;
_v1-2
_9192413
852 _aES-MaACL
_jE-5080
999 _c24539
_d24539